| 000 | 00000nam 2200000zi 4500 |
| 001 | 9.937038 |
| 003 | CaOODSP |
| 005 | 20240612102824 |
| 006 | m o d f |
| 007 | cr |n||||||||| |
| 008 | 240418e202308##onc ob f|0| 0 fre d |
| 040 | |aCaOODSP|bfre|erda|cCaOODSP |
| 043 | |an-cn--- |
| 086 | 1 |aRv55-8/4-1-7-2023F-PDF |
| 245 | 00|aProrogation des délais pour l’entreposage des marchandises. |
| 264 | 1|aOttawa : |bAgence des services frontaliers du Canada = Canada Border Services Agency, |caoût 2023. |
| 300 | |a1 ressource en ligne (8 pages). |
| 336 | |atexte|btxt|2rdacontent/fre |
| 337 | |ainformatique|bc|2rdamedia/fre |
| 338 | |aressource en ligne|bcr|2rdacarrier/fre |
| 490 | 1 |aMémorandum, |x2369-2405 ; |vD4-1-7 |
| 500 | |aPublié aussi en anglais sous le titre : Extension of time limits for the storage of goods. |
| 500 | |a« Ceci annule le mémorandum D, D4-1-7, daté du 23 janvier 2014. » |
| 504 | |aComprend des références bibliographiques (page 8). |
| 650 | 6|aEntrepôts de douane|zCanada. |
| 650 | 6|aExportations|xEntreposage|zCanada. |
| 650 | 6|aImportations|xEntreposage|zCanada. |
| 710 | 2 |aAgence des services frontaliers du Canada, |eorganisme de publication. |
| 775 | 08|tExtension of time limits for the storage of goods.|w(CaOODSP)9.937034 |
| 830 | #0|aMémorandum (Agence des services frontaliers du Canada)|vD4-1-7.|w(CaOODSP)9.816826 |
| 856 | 40|qPDF|s562 Ko|uhttps://publications.gc.ca/collections/collection_2024/asfc-cbsa/Rv55-8-4-1-7-2023-fra.pdf |
| 856 | 4 |qHTML|sS.O.|uhttps://www.cbsa-asfc.gc.ca/publications/dm-md/d4/d4-1-7-fra.html |